| 000 | 02230cam a2200349 i 4500 | ||
|---|---|---|---|
| 999 |
_c166 _d166 |
||
| 001 | vtls002165410 | ||
| 003 | VRT | ||
| 005 | 20190729134435.0 | ||
| 008 | 180515t20082008cau b 000 j eng | ||
| 020 |
_a9781892391759 _q(paperback) |
||
| 020 |
_a1892391759 _q(paperback) |
||
| 035 | _a(OCoLC)ocn182733030 | ||
| 040 |
_aBTCTA _beng _erda _cBTCTA _dAU@ _dTKU |
||
| 042 | _anbic | ||
| 082 | _aFIC STE | ||
| 245 | 0 | 0 |
_aSteampunk / _cAnn & Jeff VanderMeer, editors. |
| 264 | 1 |
_aSan Francisco : _bTachyon Publications, _c2008. |
|
| 264 | 4 | _c©2008. | |
| 300 |
_aix, 373 pages ; _c23 cm. |
||
| 336 |
_atext _btxt _2rdacontent. |
||
| 337 |
_aunmediated _bn _2rdamedia. |
||
| 338 |
_avolume _bnc _2rdacarrier. |
||
| 504 | _aIncludes bibliographical references (pages 366-373) | ||
| 505 | 0 | 0 |
_tSteampunk : "it's a clockwork universe, Victoria" / _rAnn & Jeff VanderMeer -- _tThe 19th-century roots of steampunk / _rJess Nevins -- _tBenediction : excerpt from The warlord of the air / _rMichael Moorcock -- _tLord Kelvin's machine / _rJames P. Blaylock -- _tThe giving mouth / _rIan R. MacLeod -- _tA sun in the attic / _rMary Gentle -- _tThe god-clown is near / _rJay Lake -- _tThe steam man of the prairie and the dark rider get down : a dime novel / _rJoe R. Lansdale -- _tThe Selene Gardening Society / _rMolly Brown -- _tSeventy-two letters / _rTed Chiang -- _tThe Martian agent, a planetary romance / _rMichael Chabon -- _tVictoria / _rPaul Di Filippo -- _tReflected light / _rRachel E. Pollock -- _tMinutes of the last meeting / _rStepan Chapman -- _tExcerpt from the third and last volume of Tribes of the Pacific coast / _rNeal Stephenson -- _tThe steam-driven time machine : a pop culture survey / _rRick Klaw -- _tThe essential sequential steampunk : a modest survey of the genre within the comic book medium / _rBill Baker. |
| 520 | _aFeatures stories in which the Victorian era is reimagined to include Martian technology, steam-powered robots, airships, alchemy, and various anachronistic technologies. | ||
| 650 | 0 | _aSteampunk fiction, American. | |
| 650 | 0 | _aSteampunk fiction, English. | |
| 650 | 0 |
_aSteampunk fiction _xHistory and criticism. |
|
| 700 | 1 |
_aVanderMeer, Ann, _eeditor. |
|
| 700 | 1 |
_aVanderMeer, Jeff, _eeditor. |
|
| 942 |
_2ddc _cFIC |
||